00517nam a2200193 a 4500001001300000003000900013005001700022008004100039020000900080082001700089100001500106245005600121260004700177300000900224500003500233505001000268650003000278700001500308nice12345678IN_TiNIC20260116011317.0050524s1969 mada grp 000 0 eng  ac1000a016.230bBAA aBaago, Kaj aBibliographyb Library of Indian Christian Theology aMadrasbChristian Literature Societyc1969 a102p aincludes index and biblioraphy2 aindex aBibliography-Christianity1 aBaago, Kaj